Central Library OPAC University of Rajshahi

Economy-wide models and development planning / (Record no. 52259)

MARC details
000 -LEADER
fixed length control field 00986cam a2200277 a 4500
001 - CONTROL NUMBER
control field 52259
003 - CONTROL NUMBER IDENTIFIER
rucl marc code BD-RjUL
005 - DATE AND TIME OF LATEST TRANSACTION
control field 20211209075756.0
008 - FIXED-LENGTH DATA ELEMENTS--GENERAL INFORMATION
fixed length control field 1609 s1975 enka b 001 0 eng
020 ## - INTERNATIONAL STANDARD BOOK NUMBER
International Standard Book Number 0199200734
International Standard Book Number 0199200742
035 ## - SYSTEM CONTROL NUMBER
System control number (BD-RjUL)52379
040 ## - CATALOGING SOURCE
Original cataloging agency DLC
Transcribing agency DLC
Modifying agency DLC
-- BD-RjUL
Language of cataloging eng
041 ## - LANGUAGE CODE
Language code of text/sound track or separate title eng
082 00 - DEWEY DECIMAL CLASSIFICATION NUMBER
Edition number 23
Classification number 338.911724
Author mark and year ECO 1975
245 10 - TITLE STATEMENT
Title Economy-wide models and development planning /
Statement of responsibility, etc. edited by Charles R. Blitzer, Peter B. Clark, Lance Taylor.
260 ## - PUBLICATION, DISTRIBUTION, ETC. (IMPRINT)
Place of publication, distribution, etc. London :
Name of publisher, distributor, etc. Published for the World Bank by Oxford University Press,
Date of publication, distribution, etc. c1975
300 ## - PHYSICAL DESCRIPTION
Pagination xiii, 369 p. :
Illustrations ill. ;
Size 24 cm.
504 ## - BIBLIOGRAPHY, ETC. NOTE
Bibliography, etc Includes Bibliography and index
650 #0 - SUBJECT ADDED ENTRY--TOPICAL TERM
Topical term or geographic name as entry element Economic development
General subdivision Mathematical models.
9 (RLIN) 156339
651 #0 - SUBJECT ADDED ENTRY--GEOGRAPHIC NAME
Geographic name Developing countries
General subdivision Economic policy
-- Mathematical models.
9 (RLIN) 138898
700 1# - ADDED ENTRY--PERSONAL NAME
Personal name Blitzer, Charles R.
Personal name Clark, Peter B.
Dates associated with a name 1934-
Personal name Taylor, Lance
Dates associated with a name 1940-
942 ## - ADDED ENTRY ELEMENTS (KOHA)
Source of classification or shelving scheme Dewey Decimal Classification
Koha item type Books
Holdings
Lost status Source of classification or shelving scheme Damaged status Not for loan Collection code Permanent Location Current Location Shelving location Date acquired Source of acquisition Total Checkouts Full call number Date last seen Copy number Koha item type
  Dewey Decimal Classification     Non-fiction Central Library, University of Rajshahi Central Library, University of Rajshahi   26/06/1976 N/A   338.911724 ECO 1975 07/09/2016 C-2 Books